MARC

LEADER 00000naa a2200000 a 4500
003 Arxiu
005 20260324181037.0
008 160829s1954 spcaxx s spa c
040 |a AGDB 
100 |a Robert, Manuel  |9 29589 
245 1 0 |a Recuerdo del silencio /   |c Manuel Robert 
300 |b Il·lustracions 
490 |a San Jorge,   |v núm. 16 (octubre 1954), pàg 126 
600 1 0 |9 55217  |a Aldea, Mercedes de la,  |d 1931-1954 
650 0 |a Actrius  |9 55218  |z Catalunya  |x Necrologies 
773 |g Núm. 16 (octubre 1954), pàg 126  |t San Jorge. 
901 |a Arxiu 
942 |n 1  |2 udc  |c ART 
952 |0 0  |1 0  |4 0  |6 REV509  |7 1  |9 65063  |a Arxiu  |b Arxiu  |d 2023-01-18  |l 0  |o Rev-509  |r 2023-01-18 00:00:00  |w 2023-01-18  |y ARXIU  |z També disponible a Rev-523 
999 |c 48542  |d 48542